Mnoho rečí

Bibliographic Details
Main Author: Straka, Ján Miloslav, 1825-1853 (Author)
Format: Article
Language:Slovak
Subjects:

MARC

LEADER 00000nab a2200000 a 4500
001 vtls000098125
003 SK-MaSNL
005 20260303235110.0
008 150420c1981 xo 0 slo
015 |a SNBRA19rr/mm-uuuuu 
035 |a CL0108228 
040 |a SNKBUCL  |b slo  |c SNKBUCL  |e AACR2 
041 0 |a slo 
044 |a xo  |c SK 
080 |a 885.4-1  |2 1981 
100 1 |a Straka, Ján Miloslav,  |d 1825-1853  |4 aut  |9 234202 
245 1 0 |a Mnoho rečí  |c Ján Miloslav Straka 
655 7 |a články zo zborníkov  |2 snkbucl  |9 166140 
655 7 |a články z odboru literárna veda a krásna literatúra  |2 snkbucl  |9 770045 
655 7 |a slovenská poézia  |2 snkbucl  |9 70444 
773 0 |t Literárny archív 17/80  |d Martin : Matica slovenská, 1981 
850 |a Slovenská národná knižnica 
852 |a Slovenská národná knižnica 
958 |a RK 
958 |a LX 
992 |a RZB 
999 |c 2524016  |d 2525946